Las matemáticas, cómo se aprenden, cómo se enseñan: un texto base para psicólogos enseñantes y padres
Guardat en:
| Autor principal: | |
|---|---|
| Format: | Llibre |
| Idioma: | espanyol |
| Publicat: |
Madrid
Visor Libros
1986
|
| Edició: | 2a. ed |
| Col·lecció: | Aprendizaje Visor, 19
|
| Matèries: | |
| Etiquetes: |
Afegir etiqueta
Sense etiquetes, Sigues el primer a etiquetar aquest registre!
|
MARC
| LEADER | 00000nam a2200000 a 4500 | ||
|---|---|---|---|
| 001 | UCW3937 | ||
| 003 | CL-VaPUC | ||
| 008 | 890609e19860000SP |||||||||||||||||spa|d | ||
| 082 | 0 | 4 | |a 372.7 |b MIA |2 21 |
| 100 | |a Mialaret, Gaston |e autor |9 586551 | ||
| 245 | 1 | 4 | |a Las matemáticas, cómo se aprenden, cómo se enseñan: un texto base para psicólogos enseñantes y padres |
| 250 | |a 2a. ed | ||
| 300 | |a 174 p | ||
| 942 | |c BK | ||
| 945 | |d 19890609 00:00:00 | ||
| 260 | |a Madrid |b Visor Libros |c 1986 | ||
| 650 | 0 | |a Matemática |9 260235 | |
| 583 | |a last modification |c 20140821 04:45:27 |k Rodrigo Vera | ||
| 490 | 0 | |a Aprendizaje Visor, 19 | |
| 999 | |c 217789 |d 217787 | ||
| 952 | |0 0 |1 0 |4 0 |6 372_700000000000000_MIA_1986 |7 0 |8 A |9 206228 |a BIBEDU |b BIBEDU |d 2019-11-15 |i 2740206 |o 372.7 MIA 1986 |p 2740206 |r 2019-11-15 |w 2019-11-15 |y BK |k EDU | ||
| 952 | |0 0 |1 0 |4 0 |6 372_700000000000000_MIA_1986 |7 0 |8 A |9 206229 |a BIBEDU |b BIBEDU |d 2019-11-15 |i 2740214 |o 372.7 MIA 1986 |p 2740214 |r 2019-11-15 |w 2019-11-15 |y BK |k EDU | ||
| 952 | |0 0 |1 0 |4 0 |6 372_700000000000000_MIA_1986 |7 0 |8 A |9 206230 |a BIBEDU |b BIBEDU |d 2019-11-15 |i 2740222 |o 372.7 MIA 1986 |p 2740222 |r 2019-11-15 |w 2019-11-15 |y BK |k EDU | ||